00924nam a2200205 a 450000100100000000500170001000800410002704000250006804100390009308200130013224000910014524501240023626000380036030000280039853401120042670000370053804900090057595201170058499900170070100002489420200930023431.0110207s1948 ag a r 000 0 spa d aDO-SdBNPbspacBNPHU17aspahfre2Código de idiomas MARC ann*bnn*10aCorot. Pensées et ecrits du peintre, ses contemporains, sa postérité.lEspañol00aCorot :bPensamientos y escritos del pintor, sus contemporáneos, la posteridad /cTraducción de Luis Eduardo Pombo. aBuenos Aires :bEl Ateneo,c1948. a361 p. :bil. ;c20 cm. aTítulo original de la obra :tCorot. Pensées et ecrits du peintre, ses contemporains, sa postérité.1 aPombo, Luis Eduardo,etr.951099 aBNGR 001054708MOaGRbGRcCTd2011-02-07iLF1l0onn* nn*p24894-10r2020-06-25w2020-06-25y4ZPréstamo en sala c24387d24387